[Event "Krefeld Pfingsten op"]
[Site "Krefeld"]
[Date "2025.06.09"]
[Round "7"]
[White "Aslansofuoglu, Melihsah"]
[Black "Kirchner, Emil"]
[Result "1/2-1/2"]
[WhiteElo "1759"]
[BlackElo "1892"]
[PlyCount "100"]
[EventDate "2025.06.06"]
[EventType "swiss"]
[EventRounds "9"]
[EventCountry "GER"]
[SourceTitle "CB24_2025"]
[SourceDate "2025.06.11"]
[SourceVersion "1"]
[SourceVersionDate "2025.06.11"]
[SourceQuality "1"]

1. e4 c6 2. d4 d5 3. exd5 cxd5 4. Bd3 Nc6 5. c3 Qc7 6. h3 g6 7. Nf3 Bf5 8. 0-0 Nf6 9. Re1 Bxd3 10. Qxd3 Bg7 11. Bg5 Ne4 12. Bh4 f6 13. Nbd2 g5 14. Bg3 Nxg3 15. fxg3 Qd7 16. g4 Kf7 17. Rf1 Kg8 18. Rae1 Re8 19. b4 h5 20. gxh5 Rxh5 21. Qe2 Rh8 22. Nh2 e6 23. Nb3 b6 24. Ng4 f5 25. Rxf5 exf5 26. Qxe8+ Qxe8 27. Rxe8+ Kf7 28. Rxh8 Bxh8 29. Ne3 Ke6 30. a4 Ne7 31. g4 fxg4 32. hxg4 Nc8 33. a5 Nd6 34. axb6 axb6 35. Kf1 Ne4 36. c4 dxc4 37. Nxc4 b5 38. Na3 Nc3 39. Kf2 Bf6 40. Ke3 Nd5+ 41. Ke4 Nxb4 42. Nxb5 Nc2 43. Nc5+ Ke7 44. d5 Kd8 45. Kf5 Be7 46. Ne6+ Kd7 47. Nxg5 Ne3+ 48. Kg6 Nxg4 49. Ne4 Ne3 50. Nf6+ Bxf6 1/2-1/2

[Event "Krefeld Pfingsten op"]
[Site "Krefeld"]
[Date "2025.06.09"]
[Round "6"]
[White "Zander, Vincent"]
[Black "Aslansofuoglu, Melihsah"]
[Result "1-0"]
[WhiteElo "1695"]
[BlackElo "1759"]
[PlyCount "101"]
[EventDate "2025.06.06"]
[EventType "swiss"]
[EventRounds "9"]
[EventCountry "GER"]
[SourceTitle "CB24_2025"]
[SourceDate "2025.06.11"]
[SourceVersion "1"]
[SourceVersionDate "2025.06.11"]
[SourceQuality "1"]

1. Nf3 d5 2. g3 Nf6 3. Bg2 c5 4. 0-0 Nc6 5. d4 Bf5 6. e3 e6 7. b3 Be7 8. Bb2 Rc8 9. c3 c4 10. Nfd2 b5 11. Re1 Bg4 12. f3 Bh5 13. a4 Qb6 14. axb5 Qxb5 15. Na3 Qb6 16. Bc1 Na5 17. bxc4 Nxc4 18. Naxc4 dxc4 19. Qa4+ Qc6 20. Qxc6+ Rxc6 21. Rxa7 Rc8 22. e4 e5 23. Ba3 Bxa3 24. Rxa3 0-0 25. d5 Rc5 26. Ra4 Rfc8 27. g4 Bg6 28. Bf1 Nd7 29. Rb1 h5 30. h3 f5 31. gxf5 Be8 32. Rxc4 Nf6 33. Rxc5 Rxc5 34. c4 Ra5 35. Rb2 Kf8 36. Kf2 Ke7 37. Rb7+ Bd7 38. Nb3 Ra2+ 39. Ke3 Ra3 40. c5 Kd8 41. c6 Bc8 42. Rb4 Ne8 43. f4 Nc7 44. d6 Na6 45. Bxa6 Rxa6 46. c7+ Kd7 47. Nc5+ Kxd6 48. Nxa6 exf4+ 49. Kxf4 Bxa6 50. Rb6+ Kxc7 51. Rxa6 1-0